English Thesaurus (Record no. 300185)

MARC details
000 -LEADER
fixed length control field 00390nam a2200157Ia 4500
008 - FIXED-LENGTH DATA ELEMENTS--GENERAL INFORMATION
fixed length control field 230718s9999 xx 000 0 und d
041 ## - LANGUAGE CODE
Language code of text/sound track or separate title eng
082 ## - DEWEY DECIMAL CLASSIFICATION NUMBER
Classification number 420
Item number COL
100 ## - MAIN ENTRY--PERSONAL NAME
Personal name Collins J.
9 (RLIN) 107976
245 ## - TITLE STATEMENT
Title English Thesaurus
260 ## - PUBLICATION, DISTRIBUTION, ETC. (IMPRINT)
Date of publication, distribution, etc. 1999
Name of publisher, distributor, etc. Harper And Rao
300 ## - PHYSICAL DESCRIPTION
Extent 565
365 ## - TRADE PRICE
Currency code Rs.
Price amount 145.00
700 ## - ADDED ENTRY--PERSONAL NAME
Personal name Collins J.
9 (RLIN) 107976
906 ## - LOCAL DATA ELEMENT F, LDF (RLIN)
d B:368121-Mar-2000
c ENG
b 21.75
Holdings
Withdrawn status Lost status Damaged status Not for loan Home library Current library Date acquired Vendor Budget Code Cost, normal purchase price Bill number Total Checkouts Full call number Barcode Date last seen Discount Cost, replacement price Bill Date Koha item type Original Barcode
        Cummins College of Engineering for Women Pune Cummins College of Engineering for Women Pune 27/03/2000 Tbs ENG 123.25 3681   420 CCEP-BK-11391 18/07/2023 21.75 145.00 21/03/2000 Books 011391